000 00484nam a2200181Ia 4500
001 24515
005 20260414151048.0
008 260414t2025||||xx |||||||||||||| ||spa||
041 _aESP
082 _a345.71
_bT74
100 _aTorres Altez, Dante,
_eAUT
245 0 _aLa tutela ejecutiva en el proceso civil :
_bstudios sobre su efectividad y ejecución
260 _c2025
300 _a381 páginas :
_c25 cm.
650 _aDER
654 _aCDE
942 _cLIB
_dJUS
_fJUS
_2ddc
_n
999 _c24515
_d24515